
Library Catalogue

| 000 -LEADER | |
|---|---|
| fixed length control field | 02737cam a2200277 i 4500 |
| 001 - CONTROL NUMBER | |
| control field | 17750439 |
| 005 - DATE AND TIME OF LATEST TRANSACTION | |
| control field | 20260114044651.0 |
| 008 - FIXED-LENGTH DATA ELEMENTS--GENERAL INFORMATION | |
| fixed length control field | 130523t20142014enka b 001 0 eng |
| 010 ## - LIBRARY OF CONGRESS CONTROL NUMBER | |
| LC control number | 2013009466 |
| 020 ## - INTERNATIONAL STANDARD BOOK NUMBER | |
| International Standard Book Number | 9780415822817 |
| Qualifying information | (pbk.) |
| 082 ## - DEWEY DECIMAL CLASSIFICATION NUMBER | |
| Classification number | 338.9 LEW |
| 084 ## - OTHER CLASSIFICATION NUMBER | |
| Classification number | BUS068000 |
| -- | BUS072000 |
| -- | BUS099000 |
| Number source | bisacsh |
| 245 00 - TITLE STATEMENT | |
| Title | Popular representations of development : |
| Remainder of title | insights from novels, films, television and social media / |
| Statement of responsibility, etc. | edited by David Lewis, Dennis Rodgers, Michael Woolcock |
| 264 #1 - PRODUCTION, PUBLICATION, DISTRIBUTION, MANUFACTURE, AND COPYRIGHT NOTICE | |
| Place of production, publication, distribution, manufacture | New York : |
| Name of producer, publisher, distributor, manufacturer | Routledge, |
| Date of production, publication, distribution, manufacture, or copyright notice | 2014. |
| 300 ## - PHYSICAL DESCRIPTION | |
| Extent | xiv, 264 p. : |
| Other physical details | ill. ; |
| Dimensions | 24 cm. |
| 505 ## - Contents | |
| Contents | List of figures and tables x List of contributors xii Acknowledgements xv PARTI Introduction 1 1 Introduction: popular representations of development 3 DAVID LEWIS, DENNIS RODGERS AND MICHAEL WOOLCOCK PART II Literature and fiction 17 2 The fiction of development: literary representation as a source of authoritative knowledge 19 DAVID LEWIS, DENNIS RODGERS AND MICHAEL WOOLCOCK 3 Notes on teaching international studies with novels: Hard Times, Half of a Yellow Sun and The Quiet American 38 JOHN HARRISS 4 Considering 'pedagogical' fictions and metanarratives of development: 1 World Manga VERONICA DAVIDOV 53 viii Contents Part III Media and television 71 5 More news is bad news: why studies of 'the public faces of development' and 'media and morality' should be concerned with reality TV programmes 73 MARTIN SCOTT 6 "Hidden in plain sight": Baltimore, The Wire and the politics of under development in urban America 92 SIMON PARKER Part IV Film 111 7 The projection of development: cinematic representation as an(other) source of authoritative knowledge? 113 DAVID LEWIS, DENNIS RODGERS AND MICHAEL WOOLCOCK 8 Affective histories: imagining poverty in popular Indian cinema 131 ESHA SHAH Part V Public campaigns 149 9 Visual representations of development: the Empire Marketing Board poster campaign, 1926-1933 151 UMA KOTHARI 10 Band Aid reconsidered: sentimental cultures and populist humanitarianism 174 CHERYL LOUSLEY Part VI New media 193 11 Blogs + Twitter = Change? Discursive reproduction of global governance and the limits of social media 195 TOBIAS DENSKUS AND DANIEL E. ESSER 12 FollowMe.IntDev.Com: international development in the blogosphere RYANN MANNING Part VII Conclusion 13 Conclusion: popular representations of development - taking stock, moving forward DAVID LEWIS, DENNIS RODGERS AND MICHAEL WOOLCOCK Index |
| 650 #7 - SUBJECT ADDED ENTRY--TOPICAL TERM | |
| Topical term or geographic name entry element | Economic Development. |
| 650 #7 - SUBJECT ADDED ENTRY--TOPICAL TERM | |
| Topical term or geographic name entry element | Sustainable Development. |
| 650 #7 - SUBJECT ADDED ENTRY--TOPICAL TERM | |
| Topical term or geographic name entry element | Environmental Economics. |
| 650 #0 - SUBJECT ADDED ENTRY--TOPICAL TERM | |
| Topical term or geographic name entry element | Popular culture. |
| 650 #0 - SUBJECT ADDED ENTRY--TOPICAL TERM | |
| Topical term or geographic name entry element | Mass media. |
| 700 1# - ADDED ENTRY--PERSONAL NAME | |
| Personal name | Lewis, David |
| 700 1# - ADDED ENTRY--PERSONAL NAME | |
| Personal name | Rodgers, Dennis |
| 700 1# - ADDED ENTRY--PERSONAL NAME | |
| Personal name | Woolcock, Michael J. V. |
| 942 ## - ADDED ENTRY ELEMENTS (KOHA) | |
| Source of classification or shelving scheme | Dewey Decimal Classification |
| Koha item type | BOOKs |
| Withdrawn status | Lost status | Damaged status | Not for loan | Collection code | Home library | Current library | Shelving location | Date acquired | Total Checkouts | Full call number | Barcode | Date last seen | Price effective from | Koha item type |
|---|---|---|---|---|---|---|---|---|---|---|---|---|---|---|
| NLS | NLS | General Stacks | 10/06/2017 | 338.9 LEW | 35231 | 05/11/2018 | 05/11/2018 | BOOKs |